Statystyki dla Bundesliga Polacy w sezonie 2019/20

Kliknij tutaj aby rozwiązać quiz!

Ogólne statystyki

  • Ten quiz został rozwiązany 303 razy
  • Średni wynik to 5 z 8

Statystyki odpowiedzi

KlubPozycjaZawodnik% Poprawnych
Bayern MonachiumNapastnikRobert Lewandowski
100%
Borussia DortmundObrońcaŁukasz Piszczek
98%
Hertha BerlinNapastnikKrzysztof Piątek
94%
Fortuna DüsseldorfNapastnikDawid Kownacki
88%
Union BerlinBramkarzRafał Gikiewicz
87%
Bayer LeverkusenPomocnikAdrian Stanilewicz
17%
Fortuna DüsseldorfPomocnikAdam Bodzek
13%
SC PaderbornPomocnik/NapastnikDennis Jastrzembski
9%

Rozkład punktacji

Percentyl według liczby udzielonych odpowiedzi

Procent ludzi z każdym wynikiem

Twoja historia wyników

Nie rozwiązałeś tego quizu